Encíclica Pacem in Terris
Gardado en:
| Autor Principal: | |
|---|---|
| Formato: | Libro |
| Idioma: | Lingua castelá |
| Publicado: |
Santiago
Universidad Católica de Chile
1963
|
| Subjects: | |
| Tags: |
Engadir etiqueta
Sen Etiquetas, Sexa o primeiro en etiquetar este rexistro!
|
MARC
| LEADER | 00000nam a2200000 a 4500 | ||
|---|---|---|---|
| 001 | UCY1360 | ||
| 003 | CL-VaPUC | ||
| 008 | 940830e19630000CL |||||||||||||||||spa|d | ||
| 082 | 0 | 4 | |a 262.91 |b JUA |2 21 |
| 100 | 0 | |a Juan XXIII |e author |9 329324 | |
| 245 | 1 | 0 | |a Encíclica Pacem in Terris |
| 300 | |a 58 p | ||
| 942 | |c BK | ||
| 945 | |d 19940830 00:00:00 |a mfernand | ||
| 260 | |a Santiago |b Universidad Católica de Chile |c 1963 | ||
| 650 | 0 | |a Encíclicas |9 255643 | |
| 650 | 0 | |a Paz |9 259242 | |
| 650 | 0 | |a Documentos pontificios |9 255642 | |
| 583 | |a last modification |c 19940830 00:00:00 |k Rodrigo Vera | ||
| 999 | |c 230091 |d 230089 | ||
| 952 | |0 0 |1 0 |4 0 |6 262_910000000000000_JUA_1963 |7 0 |8 A |9 231992 |a BIBTEO |b BIBTEO |d 2019-11-15 |i 301410K |o 262.91 JUA 1963 |p 301410K |r 2025-01-17 |w 2019-11-15 |y BK |k ICR | ||
| 952 | |0 0 |1 0 |4 0 |6 262_910000000000000_JUA_1963 |7 0 |8 DER_HDC |9 231993 |a BIBDER |b BIBDER |d 2019-11-15 |i 3956067 |o 262.91 JUA 1963 |p 3956067 |r 2023-01-25 |w 2019-11-15 |x Ubicación 4to Piso |y BK |z Estos recursos deben solicitarse con anticipación |k DER | ||
| 952 | |0 0 |1 0 |4 0 |6 262_910000000000000_JUA_1963 |7 0 |8 A |9 231994 |a BIBTEO |b BIBTEO |d 2019-11-15 |i 2093251 |o 262.91 JUA 1963 |p 2093251 |r 2025-01-17 |w 2019-11-15 |y BK |k ICR | ||
| 952 | |0 0 |1 0 |4 0 |6 262_910000000000000_JUA_1963 |7 0 |8 A |9 231995 |a BIBTEO |b BIBTEO |d 2019-11-15 |i 209326K |o 262.91 JUA 1963 |p 209326K |r 2025-01-17 |w 2019-11-15 |y BK |k ICR | ||
| 952 | |0 0 |1 0 |4 0 |6 262_910000000000000_JUA_1963 |7 0 |8 A |9 231996 |a BIBTEO |b BIBTEO |d 2019-11-15 |i 2093278 |o 262.91 JUA 1963 |p 2093278 |r 2025-01-17 |w 2019-11-15 |y BK |k ICR | ||
| 952 | |0 0 |1 0 |4 0 |6 262_910000000000000_JUA_1963 |7 0 |8 A |9 231997 |a BIBTEO |b BIBTEO |d 2019-11-15 |i 2093286 |o 262.91 JUA 1963 |p 2093286 |r 2025-01-17 |w 2019-11-15 |y BK |k ICR | ||
| 952 | |0 0 |1 0 |4 0 |6 262_910000000000000_JUA_1963 |7 0 |8 A |9 231998 |a BIBTEO |b BIBTEO |d 2019-11-15 |i 2087952 |o 262.91 JUA 1963 |p 2087952 |r 2025-01-17 |w 2019-11-15 |y BK |k ICR | ||